000
00334nam a2200145Ia 4500
008
230718s9999 xx 000 0 und d
041
_a
Eng.
082
_a
3542948
_b
ABB-Q
100
_a
Abbas, Naveed Syed
245
0
_a
Qanun-E-Shahadat
260
_a
Pakistan
_b
Punjab Law Book
_c
2015
300
_a
96
650
_a
Law
999
_c
30694
_d
30694